Reverse Dictionary #30 - Statistics

General Stats
  • This quiz has been taken 63 times
  • The average score is 15 of 25
Answer Stats
Definition First
Letter
Word % Correct
The morning twilight period immediately before sunrise. D Dawn
93%
A thick, malleable substance made by mixing flour with other ingredients such as water, eggs, and/or butter, that is made into a particular form and then baked. D Dough
91%
A light meal usually eaten around midday, notably when not as main meal of the day. L Lunch
91%
Relating to now, for the time being; current. P Present
91%
Originally, a small ball placed in a container to cast a vote; now, by extension, a piece of paper or card used for this purpose, or some other means used to signify a vote. B Ballot
88%
General haste. R Rush
79%
A naturally occurring or man-made alloy of copper, usually in combination with tin, but also with one or more other metals B Bronze
77%
A male person or animal already known or implied. H He
77%
To evict, especially from a country. D Deport
74%
For every hundred (used with preceding numeral to form a noun phrase expressing a proportion). P Percent
67%
A thin, flat, circular plate or similar object. D Disk
63%
An area or a spot in a drawing, painting, or photograph that is strongly illuminated. H Highlight
63%
(physics) The basic structural component of the universe, usually having mass and volume. M Matter
63%
Of, related to, or having personal charm or magnetism. C Charismatic
56%
(finance) A payment forfeited for an early withdrawal from an account or an investment. P Penalty
56%
A small and rather deep area of (usually) fresh water, as one supplied by a spring, or occurring in the course of a stream or river; a reservoir for water. P Pool
56%
Reserved and remote; either physically or emotionally distant; standoffish. A Aloof
54%
An expert in resource allocation, distribution and consumption; capital and investment; and management of the factors of production, studies such data and extracts higher-level information or proposes theories. E Economist
54%
A storage closet either separate from, or built into, a wall. C Cabinet
47%
A slope; an incline, inclination. S Slant
47%
That which is found or learned for the first time. D Discovery
46%
The difference or character that marks off an individual or collective from the rest of the same kind; selfhood; the sense of who something or someone or oneself is, or the recurring characteristics that enable the recognition of such an individual or group by others or themselves. I Identity
40%
To regard with wonder and delight. A Admire
30%
A witty or sarcastic comment or quip. W Wisecrack
21%
Any solid object rounded at one end and tapering on the other, possibly attached to a larger object at the tapered end. B Bulb
9%
No matching quizzes found
Score Distribution
Percent of People with Each Score
Percentile by Number Answered
Your Score History
You have not taken this quiz